00245nam a22000977a 4500082001500000100002700015245002400042250002400066260004900090300000800139 a297.5aFAR aA.H. FARIDaA.H. FARID aPRAYERS OF MUHAMMAD a3rd revised edition aLAHOREbPrinted at Ashraf Press,lahorec1974 a315